000
00271nam a22001337a 4500
020
_a
0-7214-0527-4
082
_a
823
_b
HUN/P
100
_a
HUNIA FRAN
245
_a
19.3.2015
260
_a
UK
_b
LADY BIRD
300
_a
51
650
_a
ENGLISH SHORT STORY
_z
UK
942
_c
BK
999
_c
2305
_d
2305